[Event "Gibraltar U12 op"]
[Site "Caleta"]
[Date "2019.08.17"]
[Round "3"]
[White "Bekkari, Amine"]
[Black "Maldonado Mena, Remedios Sofia"]
[Result "1-0"]
[WhiteElo "1354"]
[BlackElo "1012"]
[PlyCount "45"]
[EventDate "2019.08.16"]
[EventType "swiss"]
[EventRounds "6"]
[EventCountry "GGB"]
[SourceTitle "CBM 195 Extra"]
[Source "ChessBase"]
[SourceDate "2020.05.31"]
[SourceVersion "1"]
[SourceVersionDate "2020.05.31"]
[SourceQuality "1"]

1. e4 e5 2. Nf3 Nc6 3. Bc4 Bc5 4. c3 Nf6 5. d4 exd4 6. cxd4 Bb4+ 7. Nc3 Nxe4 8. 0-0 Nxc3 9. bxc3 Bxc3 10. Qb3 Qe7 11. Qxc3 Nb4 12. Re1 Nc6 13. Rxe7+ Nxe7 14. Qb3 0-0 15. Ne5 d5 16. Bxd5 Nxd5 17. Qxd5 c6 18. Qf3 f6 19. Qb3+ Kh8 20. Nf7+ Kg8 21. Nh6+ Kh8 22. Qg8+ Rxg8 23. Nf7# 1-0

[Event "Gibraltar U12 op"]
[Site "Caleta"]
[Date "2019.08.16"]
[Round "2"]
[White "Trivedi, Aarnavh"]
[Black "Bekkari, Amine"]
[Result "1-0"]
[WhiteElo "1724"]
[BlackElo "1354"]
[PlyCount "79"]
[EventDate "2019.08.16"]
[EventType "swiss"]
[EventRounds "6"]
[EventCountry "GGB"]
[SourceTitle "CBM 195 Extra"]
[Source "ChessBase"]
[SourceDate "2020.05.31"]
[SourceVersion "1"]
[SourceVersionDate "2020.05.31"]
[SourceQuality "1"]

1. d4 d5 2. Bf4 e6 3. e3 f5 4. Nf3 Nf6 5. Bd3 Bd6 6. Ne5 Nbd7 7. Nd2 Ne4 8. Bxe4 Bxe5 9. Bxe5 Nxe5 10. Bxf5 exf5 11. dxe5 d4 12. Qe2 dxe3 13. Qxe3 Be6 14. Nf3 Qe7 15. a3 a6 16. Rd1 Rd8 17. Rxd8+ Qxd8 18. Nd4 Qd7 19. 0-0 0-0 20. f4 Rd8 21. c3 b6 22. b4 g6 23. Re1 Re8 24. Qe2 b5 25. Rd1 Rd8 26. Kf2 Kf7 27. Ke1 Qe8 28. Rd2 Rd5 29. Qf3 c6 30. h3 Qd7 31. Qe3 Ke7 32. Nf3 Rxd2 33. Qxd2 Qxd2+ 34. Kxd2 Bd7 35. Ke3 Bc8 36. Kd4 Kd7 37. Ne1 Ke6 38. Kc5 Bd7 39. Nc2 Ke7 40. Nd4 1-0

[Event "Gibraltar U12 op"]
[Site "Caleta"]
[Date "2017.08.19"]
[Round "3"]
[White "Bekkari, Amine"]
[Black "Martins, Jose Carlos Caetano"]
[Result "1/2-1/2"]
[WhiteElo "1141"]
[BlackElo "1544"]
[PlyCount "68"]
[EventDate "2017.08.18"]
[EventType "swiss"]
[EventRounds "6"]
[EventCountry "GGB"]
[SourceTitle "CBM 180 Extra"]
[Source "ChessBase"]
[SourceDate "2017.10.06"]
[SourceVersion "1"]
[SourceVersionDate "2017.10.06"]
[SourceQuality "1"]

1. e4 c5 2. Nf3 Nc6 3. d4 cxd4 4. Nxd4 Nf6 5. Nc3 g6 6. Be2 Bg7 7. Be3 0-0 8. Qd2 d5 9. exd5 Nxd5 10. Nxd5 Qxd5 11. Bf3 Qd7 12. 0-0-0 Nxd4 13. Bxd4 e5 14. Bc3 Qa4 15. a3 Rb8 16. Qd6 Bf5 17. Qd2 Rfc8 18. g4 Be6 19. h3 Rc7 20. Rhe1 Rbc8 21. Re4 Rc4 22. Rxc4 Qxc4 23. Bxb7 Rb8 24. Bf3 e4 25. Be2 Qa2 26. Qe3 Bxc3 27. Qxc3 Rc8 28. Qf6 Qa1+ 29. Kd2 Qa2 30. Ke1 Rf8 31. Qd4 Rc8 32. Qf6 Rf8 33. Qd4 Rc8 34. Qf6 Rf8 1/2-1/2